Spieltheorie Einführung für Wirtschafts- und Sozialwissenschaftler
Salvato in:
| Autore principale: | |
|---|---|
| Natura: | Libro |
| Lingua: | tedesco |
| Pubblicazione: |
Wiesbaden
Gabler
1993
|
| Edizione: | 1. Aufl. |
| Soggetti: | |
| Tags: |
Nessun Tag, puoi essere il primo ad aggiungerne!!
|
MARC
| LEADER | 00000nam a2200000 4500 | ||
|---|---|---|---|
| 001 | c006321 | ||
| 005 | 20221206075035.6 | ||
| 020 | |a 3-409-16801-X | ||
| 041 | 0 | |a ger | |
| 044 | |a DE | ||
| 245 | 1 | 0 | |a Spieltheorie |b Einführung für Wirtschafts- und Sozialwissenschaftler |c Christian Rieck |
| 250 | |a 1. Aufl. | ||
| 264 | 1 | |a Wiesbaden |b Gabler |c 1993 | |
| 300 | |a 261 s. | ||
| 610 | 2 | 0 | |a teória hier |
| 610 | 2 | 0 | |a hry ekonomické |
| 610 | 2 | 0 | |a informácie |
| 610 | 2 | 0 | |a koordinácia |
| 610 | 2 | 0 | |a riziko |
| 100 | 1 | |a Rieck, Christian | |